<?xml version="1.0" encoding="UTF-8"?><?xml-stylesheet type="text/xsl" href="static/style.xsl"?><OAI-PMH xmlns="http://www.openarchives.org/OAI/2.0/" xmlns:xsi="http://www.w3.org/2001/XMLSchema-instance" xsi:schemaLocation="http://www.openarchives.org/OAI/2.0/ http://www.openarchives.org/OAI/2.0/OAI-PMH.xsd"><responseDate>2026-05-01T07:26:38Z</responseDate><request verb="GetRecord" identifier="oai:riubu.ubu.es:10259/6273" metadataPrefix="marc">https://riubu.ubu.es/oai/request</request><GetRecord><record><header><identifier>oai:riubu.ubu.es:10259/6273</identifier><datestamp>2021-12-14T01:00:27Z</datestamp><setSpec>com_10259.4_103</setSpec><setSpec>com_10259.4_1</setSpec><setSpec>com_10259_2604</setSpec><setSpec>col_10259_6064</setSpec></header><metadata><record xmlns="http://www.loc.gov/MARC21/slim" xmlns:doc="http://www.lyncode.com/xoai" xmlns:xsi="http://www.w3.org/2001/XMLSchema-instance" xmlns:dcterms="http://purl.org/dc/terms/" xsi:schemaLocation="http://www.loc.gov/MARC21/slim http://www.loc.gov/standards/marcxml/schema/MARC21slim.xsd">
<leader>00925njm 22002777a 4500</leader>
<datafield tag="042" ind1=" " ind2=" ">
<subfield code="a">dc</subfield>
</datafield>
<datafield tag="720" ind1=" " ind2=" ">
<subfield code="a">Peña Pérez, Francisco Javier</subfield>
<subfield code="e">author</subfield>
</datafield>
<datafield tag="260" ind1=" " ind2=" ">
<subfield code="c">2015</subfield>
</datafield>
<datafield tag="520" ind1=" " ind2=" ">
<subfield code="a">Por inercia, los historiadores hispanos sitúan la elevación&#xd;
del condado de Castilla a la categoría de reino en los años 1035&#xd;
o inmediatamente siguientes. El dato, sin embargo, puede ponerse&#xd;
bajo sospecha si repasamos detenidamente la realidad sociopolítica&#xd;
del momento en el conjunto del reino de León. En este trabajo, a modo&#xd;
de aproximación y sugerencia, defendemos el retraso del momento&#xd;
hasta la fecha de toma de posesión del reino castellano –indudablemente&#xd;
ya reconocido como tal– por parte de Sancho II en 1065, aunque&#xd;
su consolidación no se hará efectiva sino unas décadas más tarde.</subfield>
</datafield>
<datafield tag="520" ind1=" " ind2=" ">
<subfield code="a">From habit, Spanish historians consider the elevation&#xd;
of Castile from an earldom to a kingdom by 1035 or the immediate&#xd;
following years. This fact can be questioned following a deep analysis&#xd;
of the sociopolitical reality of that time throughout the kingdom&#xd;
of Leon. In this study it will be defended, as an approximation and&#xd;
a suggestion, a retardation of this event till the moment in which&#xd;
Sancho II took over the Castilian kingdom –at that moment un -&#xd;
doubtedly acknowledged as a kingdom– which occurred in 1065,&#xd;
although the consolidation of the kingdom will not be effective till&#xd;
some decades later.</subfield>
</datafield>
<datafield tag="024" ind2=" " ind1="8">
<subfield code="a">0211-8998</subfield>
</datafield>
<datafield tag="024" ind2=" " ind1="8">
<subfield code="a">http://hdl.handle.net/10259/6273</subfield>
</datafield>
<datafield ind1=" " ind2=" " tag="653">
<subfield code="a">Castilla, condado y reino</subfield>
</datafield>
<datafield ind1=" " ind2=" " tag="653">
<subfield code="a">Reino de León</subfield>
</datafield>
<datafield ind1=" " ind2=" " tag="653">
<subfield code="a">Edad Media</subfield>
</datafield>
<datafield ind1=" " ind2=" " tag="653">
<subfield code="a">Fernando I</subfield>
</datafield>
<datafield ind1=" " ind2=" " tag="653">
<subfield code="a">Sancho II</subfield>
</datafield>
<datafield ind1=" " ind2=" " tag="653">
<subfield code="a">Alfonso VI</subfield>
</datafield>
<datafield ind1=" " ind2=" " tag="653">
<subfield code="a">Aristocracia</subfield>
</datafield>
<datafield ind1=" " ind2=" " tag="653">
<subfield code="a">Castile, earldom and kingdom</subfield>
</datafield>
<datafield ind1=" " ind2=" " tag="653">
<subfield code="a">Kingdom of Leon</subfield>
</datafield>
<datafield ind1=" " ind2=" " tag="653">
<subfield code="a">Middle Age</subfield>
</datafield>
<datafield ind1=" " ind2=" " tag="653">
<subfield code="a">Ferdinand I</subfield>
</datafield>
<datafield ind1=" " ind2=" " tag="653">
<subfield code="a">Aristocracy</subfield>
</datafield>
<datafield tag="245" ind1="0" ind2="0">
<subfield code="a">Castilla, 1065: un reino prematuro</subfield>
</datafield>
</record></metadata></record></GetRecord></OAI-PMH>